LEADER 01246nam a2200277 u 4500 001 000000026083 003 CaOOAMICUS 005 20070226111533.0 008 950705s1952 gw u000 u ger u 035 $a10672118 040 $aPUL(R)$bita 100 1 $aWieacker, Franz,$d1908-1994.$0(OLS)http://pul/name/7047 245 10$aPrivatrechtsgeschichte der Neuzeit unter besonderer Berücksichtigung der deutschen Entwicklung /$cvon Franz Wieacker .. 260 $aGöttingen :$bVandenhoeck & Ruprecht,$c1952. 300 $a379 p. ;$c24 cm 490 1 $aJurisprudenz in Einzeldarstellungen ;$v7 500 $aContiene indici. 504 $aBibliografia in nota. 650 4$aDiritto privato$zGermania.$0(OLS)http://pul/subject/15287 830 0$aJurisprudenz in Einzeldarstellungen ;$v7.$0(OLS)http://pul/title/21224 850 $aPUL 852 $aPUL$W1$xDP2 Diritto e Scienze Sociali 1$y65$m182 L 5$j36470$nBK-PRI$qStampati$B36470$CPULBib$Z2$F36470 $82 941 1 $a8 961 $aDono Adolfo Plachi (2). 996 $6245$aPrivatrechtsgeschichte der Neuzeit unter besonderer Berücksichtigung der deutschen Entwicklung$9(OLS)http://pul/title/35867 996 $6260$aGöttingen :$bVandenhoeck & Ruprecht$9(OLS)http://pul/publisher/47973 LEADER 01562nam a2200337 u 4500 001 000000017549 003 CaOOAMICUS 005 20070226110122.0 008 941010s1993 it u000 u ita u 020 $a88-13-18086-1 035 $a10409811 040 $aPUL$bita 100 1 $aConso, Giovanni.$0(OLS)http://pul/name/15769 245 10$aCommentario breve al nuovo codice di procedura penale /$cGiovanni Conso, Vittorio Grevi ; complemento giurisprudenziale a cura di Vittorio Grevi. 260 $aPadova :$bCEDAM,$c1993. 300 $axlii, 1037 p. ;$c21 cm 490 1 $aBreviaria Iuris ;$v10 500 $aCon la collaborazione di E. Aghina, C. Angeletti, A. Avanzini ... [et al.]. 630 04$aCodice penale$zItalia.$0(OLS)http://pul/subject/12325 650 4$aDiritto penale$zItalia$xLeggi, statuti, ecc.$0(OLS)http://pul/subject/17898 700 1 $aGrevi, Vittorio.$0(OLS)http://pul/name/15770 700 1 $aAghina, Ernesto.$0(OLS)http://pul/name/15771 710 1 $aItalia.$kLeggi, statuti, ecc.$0(OLS)http://pul/name/10145 830 0$aBreviaria Iuris ;$v10.$0(OLS)http://pul/title/8521 850 $aPUL 852 $aPUL$W1$xDP2 Diritto e Scienze Sociali 1$y65$m178 E 74$j24732$nBK-PRI$qStampati$B24732$CPULBib$Z2$F24732 $H71213 $82 941 1 $a8 961 $aINV: 71213. 996 $6020$a88-13-18086-1$9(OLS)http://pul/number/22616 996 $6245$aCommentario breve al nuovo codice di procedura penale$9(OLS)http://pul/title/25114 996 $6260$aPadova :$bCEDAM$9(OLS)http://pul/publisher/48126